Tchaikovsky
Enregistré dans:
| Auteur principal: | |
|---|---|
| Format: | Livre |
| Langue: | espagnol |
| Publié: |
Buenos Aires
Plaza y janes
1962
|
| Sujets: | |
| Tags: |
Ajouter un tag
Pas de tags, Soyez le premier à ajouter un tag!
|
MARC
| LEADER | 00000nam a2200000 a 4500 | ||
|---|---|---|---|
| 001 | UCN2251 | ||
| 003 | CL-VaPUC | ||
| 008 | 010511e19620000AG |||||||||||||||||spa|d | ||
| 082 | 0 | 4 | |a 780.92 |b TIB |2 21 |
| 100 | 0 | |a Tibaldi Chiesa, María |e author |9 458031 | |
| 245 | 1 | 0 | |a Tchaikovsky |
| 300 | |a 351 p | ||
| 942 | |c BK | ||
| 945 | |d 20010511 00:00:00 |a crobeson | ||
| 260 | |a Buenos Aires |b Plaza y janes |c 1962 | ||
| 600 | 0 | |a Tchaikovsky, Peter Ilich |9 306347 | |
| 650 | 0 | |a Compositores rusos |9 329355 | |
| 650 | 7 | |a MUSICA SIGLO 19 |2 CL-VaPUC |9 458032 | |
| 583 | |a last modification |c 20010511 00:00:00 |k Rodrigo Vera | ||
| 999 | |c 295409 |d 295407 | ||
| 952 | |0 0 |1 0 |4 0 |6 780_920000000000000_TIB_1962 |7 0 |8 A |9 348414 |a BIBEDU |b BIBEDU |d 2019-11-20 |i 1182781 |o 780.92 TIB 1962 |p 1182781 |r 2023-01-12 |w 2019-11-20 |y BK |k MUS | ||